|
|
|
|
| LEADER |
010380000a22002890004500 |
| 082 |
|
|
|a In 821 KAM 09 N5
|
| 100 |
|
|
|a Prasanthakumar, N; Researcher
|
| 100 |
|
|
|a Raveendran, P P; Guide
|
| 245 |
|
|
|a Writing the female: a comparative study of Kamala Das and Anne Sexton
|
| 250 |
|
|
|a Ph.D
|
| 260 |
|
|
|a Kottayam, Mahatma Gandhi University
|
| 260 |
|
|
|c 1996
|
| 460 |
|
|
|a 345p
|
| 500 |
|
|
|a Awarded on 11.4.1996
|
| 500 |
|
|
|a Includes bibliographical references
|
| 500 |
|
|
|a N Prasanthakumar; Guided by Dr P P Raveendran
|
| 500 |
|
|
|a School of Letters, Mahatma Gandhi University Kottayam, Kerala
|e IN
|
| 650 |
|
|
|a Criticism and interpretation
|
| 650 |
|
|
|a Dissertations, Academic (Ph.D)
|
| 650 |
|
|
|a Indian English poetry
|
| 650 |
|
|
|a Kamala Das
|
| 650 |
|
|
|a Poetry
|
| 650 |
|
|
|a Sexton, Anne
|
| 650 |
|
|
|a Thesis (Ph.D)-English literature
|
| 942 |
|
|
|c BK
|
| 999 |
|
|
|c 36270
|d 36270
|
| 952 |
|
|
|0 0
|1 0
|4 0
|6 IN_821_KAM_090000000000000_N5
|7 0
|8 THES
|9 36725
|a MGUL
|b MGUL
|d 2013-07-16
|l 0
|o In 821 KAM 09 N5
|p T00766
|r 2013-07-16
|w 2013-07-16
|y THES
|